000 01143cam a22003374a 4500
005 20260322212031.0
008 data
010 _a 2001036979
020 _a0761525726
020 _a9780761525721
040 _aDLC
_cDLC
_dDLC
042 _apcc
050 0 0 _aRC569.5.B67
_bB63 2002
082 0 0 _a616.85/852
_221
092 _a616.85 B63 2002
100 1 _aBockian, Neil R.
245 1 0 _aNew hope for people with borderline personality disorder /
_cNeil R. Bockian, Valerie Porr & Nora Elizabeth Villagran.
246 3 0 _aBorderline personality disorder
250 _a1st ed.
260 _aRoseville, Calif. :
_bPrima,
_cc2002.
300 _axviii, 331 p. :
_bill. ;
_c23 cm.
440 0 _aNew hope series
500 _aIncludes index.
500 _aNotes: p. 297-314.
650 0 _aBorderline personality disorder
_vPopular works.
700 1 _aPorr, Valerie.
700 1 _aVillagran, Nora Elizabeth.
856 4 2 _3Contributor biographical information
_uhttp://www.loc.gov/catdir/bios/random053/2001036979.html
856 4 2 _3Publisher description
_uhttp://www.loc.gov/catdir/description/random0414/2001036979.html
001 data
999 _c727
_d727